| 000 | 00717nam a2200217 i 4500 | ||
|---|---|---|---|
| 001 | 181401 | ||
| 003 | ES-MaACL | ||
| 005 | 20231010125056.0 | ||
| 008 | 130114s2011 sp | |||||||| | spa d | ||
| 080 | _a821.134.2-31"19" | ||
| 100 | 1 |
_aAub, Max, _d1903-1972 _eaut _923783 |
|
| 245 | 1 | 0 |
_aCampo de sangre / _cMax Aub. |
| 260 |
_a[Madrid] : _bDiario Público, _cD.L. 2011. |
||
| 300 |
_a2 v. (253, 265 p.) ; _c18 cm. |
||
| 490 | 1 | _aBiblioteca de la República | |
| 830 | 0 |
_aBiblioteca de la República _9191447 |
|
| 852 |
_aES-MaACL _jA-12418 _9188301 _bR.147208 _cDEPO1 _dOlim: N-5423 |
||
| 852 |
_aES-MaACL _jA-12418 _9200606 _bR.147208 _cDEPO1 _dOlim: N-12419 |
||
| 942 |
_2ddc _cMONOGRAFIA |
||
| 999 |
_c181401 _d181401 |
||